LDR 01354naa#a2200229#i#450# 001 RU\RIOR\bibl\125702 005 20260629103953.1 011 ## _a2409-6024 100 ## _a20260530b2026####ek#y0rusy0150####ca 102 ## _aRU 200 1# _aПРОБЛЕМЫ И ПЕРСПЕКТИВЫ СУБЪЕКТОВ МАЛОГО И СРЕДНЕГО ПРЕДПРИНИМАТЕЛЬСТВА В УСЛОВИЯХ ПРОВОДИМОЙ БАНКОМ РОССИИ МАКРОПРУДЕНЦИАЛЬНОЙ ПОЛИТИКИ _eЖурнальная статья 210 1# _aМосква _cООО "Издательский Центр РИОР" _d2026 215 ## _a15 с. 606 ## _aЭкономика и управление. 38.00.00 _2local 608 ## _aЖурнальная статья _2local 675 ## _aРегиональная (территориальная) экономика. Земельный (аграрный) вопрос. Жилищное хозяйство. 332 _z 686 ## _aЭкономика. Экономические науки. 65 _2bbk 686 ## _aЭкономика. Бухгалтерский учет. Финансы. 77 _2tbk 686 ## _aЭКОНОМИКА И ЭКОНОМИЧЕСКИЕ НАУКИ. 06.00 _2grnti 700 #1 _aСоколов _gЗахар Иванович 700 #1 _aЛялькова _gЕвгения Евгеньевна 856 4# _ariorpub.com _u